000 00507nam a22002057a 4500
003 OSt
005 20231018122508.0
008 231018b |||||||| |||| 00| 0 eng d
020 _a9789390577255
040 _cDDC.
082 _a658.15 PAN 2021.
100 _aPandey,I M;
_916779
245 _aFinancial Management.
250 _a12th ed.
260 _aNew Delhi,
_bpearson.
_c2021.
300 _aix,921p;
_bill,
_c28cm.
504 _aincludes index.
650 _amanagement
_9364
942 _2ddc
_cB_BANK
999 _c8230
_d8230